[Event "Dutch Open 2014"]
[Site "Dieren NED"]
[Date "2014.07.30"]
[Round "8.8"]
[White "Beerdsen, Thomas"]
[Black "Ernst, Sipke"]
[Result "1-0"]
[BlackTitle "GM"]
[WhiteElo "2260"]
[BlackElo "2554"]
[WhiteFideId "1030108"]
[BlackFideId "1004689"]
[EventDate "2014.07.22"]

1. e4 e5 2. Bc4 Nf6 3. d3 Nc6 4. Nc3 Bb4 5. Ne2 d5 6. exd5 Nxd5 7. a3 Bxc3+ 8.
Nxc3 Be6 9. Ne4 O-O 10. O-O Nf4 11. Bxf4 exf4 12. Bxe6 fxe6 13. Re1 f3 14. Re3
fxg2 15. Qg4 Nd4 16. Rh3 Rf4 17. Qh5 h6 18. c3 Nf5 19. Kxg2 Qd5 20. Kg1 Rf8 21.
Re1 Kh8 22. Re2 c5 23. Qg5 Rf3 24. Qg4 Rxd3 25. Rxd3 Qxd3 26. Rd2 Qb1+ 27. Kg2
Ne3+ 28. fxe3 Qf1+ 29. Kg3 Qg1+ 30. Kh4 Qxe3 31. Kh5 g6+ 32. Kxg6 Qe1 33. Kxh6
Qe3+ 34. Kg6 Rg8+ 35. Kf7 1-0

[Event "Dutch Open 2014"]
[Site "Dieren NED"]
[Date "2014.07.30"]
[Round "8.9"]
[White "Goudriaan, Etienne"]
[Black "Tromp, Pieter"]
[Result "1-0"]
[WhiteTitle "IM"]
[WhiteElo "2401"]
[BlackElo "2127"]
[WhiteFideId "1021150"]
[BlackFideId "1026402"]
[EventDate "2014.07.22"]

1. c4 Nf6 2. Nc3 d5 3. cxd5 Nxd5 4. g3 g6 5. Bg2 Nxc3 6. bxc3 Bg7 7. Rb1 O-O 8.
h4 Nc6 9. Qa4 h5 10. Nh3 a6 11. O-O b5 12. Qd1 Rb8 13. a4 Bf5 14. Rb3 Na5 15.
Ra3 Nc4 16. Ra2 Qd7 17. Ng5 Be6 18. axb5 axb5 19. Nxe6 Qxe6 20. Ra7 Qb6 21. Ra2
Qe6 22. Rc2 c5 23. d3 Nd6 24. Bb2 b4 25. cxb4 cxb4 26. Bxg7 Kxg7 27. Qa1+ Qf6
28. Qxf6+ Kxf6 29. Rb1 Rb6 30. Bd5 e6 31. Bf3 Rc8 32. Rxc8 Nxc8 33. Kf1 Ke5 34.
e3 Ne7 35. Ke2 Nd5 36. d4+ Kd6 37. Kd3 Ra6 38. Bxd5 exd5 39. Rxb4 Ra2 40. Rb6+
Kd7 41. Rb7+ Ke6 42. Rb6+ Ke7 43. Rb5 Ke6 44. e4 Ra3+ 45. Ke2 dxe4 46. Re5+ Kd6
47. Rxe4 Rb3 48. Rf4 Ke6 49. Rf3 Rb2+ 50. Kd3 Rb3+ 51. Ke4 Rb5 52. Ra3 Rf5 53.
f3 Rb5 54. Ra7 Rf5 55. Ra6+ Ke7 56. d5 f6 57. f4 Kf7 58. Ra7+ Kf8 59. Kd4 Kg8
60. d6 Kf8 61. Ra8+ 1-0

[Event "Dutch Open 2014"]
[Site "Dieren NED"]
[Date "2014.07.30"]
[Round "8.10"]
[White "Vogel, Jaap"]
[Black "Stany, G.A."]
[Result "1/2-1/2"]
[WhiteTitle "FM"]
[BlackTitle "IM"]
[WhiteElo "2209"]
[BlackElo "2399"]
[WhiteFideId "1000764"]
[BlackFideId "5029104"]
[EventDate "2014.07.22"]

1. d4 Nf6 2. Nf3 e6 3. c4 b6 4. Bf4 Bb7 5. e3 d6 6. Nc3 Nbd7 7. Be2 Be7 8. h3
O-O 9. O-O a6 10. b4 Re8 11. Qc2 Bf8 12. a3 c5 13. dxc5 dxc5 14. b5 e5 15. Bg3
e4 16. Nd2 a5 17. Rad1 Qe7 18. Na4 Qe6 19. Nb1 Rad8 20. Nbc3 Ne5 21. Rxd8 Rxd8
22. Rd1 Rxd1+ 23. Nxd1 Nfd7 24. Qd2 Bd6 25. Ndc3 f5 26. Bf4 Kf7 27. h4 Ke8 28.
Bg3 Kd8 29. Bf4 Kc7 30. Bg3 Nf7 31. Bxd6+ Nxd6 32. h5 g6 33. hxg6 hxg6 34. Nb2
Ne5 35. Bf1 Qf7 36. Nd5+ Bxd5 37. cxd5 Qf6 38. Na4 Qg5 39. Be2 Nf3+ 40. Bxf3
exf3 41. g3 Qg4 42. Nxc5 Qc4 43. Ne6+ Kb7 44. Qb2 Nxb5 45. Qg7+ Ka6 46. Qd7 a4
47. d6 Qc1+ 48. Kh2 Qf1 49. Qc8+ Ka7 50. Qd7+ Ka6 51. Qc8+ 1/2-1/2

[Event "Dutch Open 2014"]
[Site "Dieren NED"]
[Date "2014.07.30"]
[Round "8.11"]
[White "Pijpers, Arthur"]
[Black "Zwirs, Nico"]
[Result "1-0"]
[WhiteElo "2371"]
[BlackElo "2284"]
[WhiteFideId "1019554"]
[BlackFideId "1036432"]
[EventDate "2014.07.22"]

1. e4 c5 2. c3 d5 3. exd5 Qxd5 4. d4 Nf6 5. Nf3 e6 6. Bd3 Be7 7. O-O O-O 8. c4
Qd8 9. Nc3 Nc6 10. dxc5 Bxc5 11. Bg5 h6 12. Bh4 Be7 13. Qe2 Nd4 14. Nxd4 Qxd4
15. Ne4 Nd5 16. Bxe7 Nxe7 17. Rad1 Nf5 18. Bb1 Qe5 19. f4 Qc7 20. Qd3 b5 21. g4
bxc4 22. Qc2 Qb6+ 23. Rf2 Bb7 24. gxf5 Rad8 25. Rxd8 Rxd8 26. fxe6 Qxe6 27. Ng3
Rd3 28. Qe2 Re3 29. Qd2 Qb6 30. Bf5 g6 31. Bh3 Rd3 32. Qc2 Qd4 33. Bf1 Rd1 34.
Qc3 Qd5 35. Qe5 Qc6 36. f5 Rd5 37. Qe4 gxf5 38. Nxf5 Kh8 39. Qg4 Rxf5 40. Rxf5
Qh1+ 41. Kf2 Qxh2+ 42. Bg2 Bxg2 43. Qd4+ Kg8 44. Qd8+ Kh7 45. Rxf7+ Kg6 46. Qg8+
Kh5 47. Rf5+ Kh4 48. Qxg2 Qg3+ 49. Qxg3# 1-0

[Event "Dutch Open 2014"]
[Site "Dieren NED"]
[Date "2014.07.30"]
[Round "8.12"]
[White "Von Meijenfeldt, Bart"]
[Black "Losekoot, Pascal"]
[Result "1-0"]
[WhiteElo "2331"]
[BlackElo "2114"]
[WhiteFideId "1032259"]
[BlackFideId "1012410"]
[EventDate "2014.07.22"]

1. c4 e6 2. g3 Nf6 3. Bg2 d5 4. Nf3 Be7 5. O-O O-O 6. d4 c6 7. Nc3 Nbd7 8. Qd3
b6 9. e4 dxe4 10. Nxe4 Bb7 11. Nxf6+ Bxf6 12. Bf4 c5 13. Ng5 Bxg5 14. Bxb7 Bxf4
15. Bxa8 Qxa8 16. gxf4 cxd4 17. Qxd4 Qf3 18. Qe3 Qc6 19. Rfd1 f5 20. Rac1 Rf6
21. f3 Rg6+ 22. Kh1 e5 23. fxe5 Nxe5 24. Rd8+ Kf7 25. Rd5 Nd7 26. Rcd1 Nc5 27.
b4 Ne6 28. Qe5 Kg8 29. b5 Qb7 30. Qxf5 Rf6 31. Qe4 Nf8 32. Rd8 Qc7 33. R1d7 Qxd7
34. Rxd7 Nxd7 35. Qa8+ Kf7 36. Qxa7 Ke7 37. a4 Rf4 38. c5 bxc5 39. b6 Rb4 40. a5
c4 41. Qc7 Rb5 42. b7 c3 43. Qxc3 Rxb7 44. a6 Rb1+ 45. Kg2 Kf7 46. Qc4+ Kf8 47.
Qf4+ Nf6 48. a7 Ra1 49. Qb8+ Kf7 50. a8=Q Rxa8 51. Qxa8 Kg6 52. Qf8 h6 53. Qe7
Kh7 54. Qf7 h5 55. f4 Kh8 56. Qg6 Kg8 57. Kf3 Kh8 58. Ke3 Kg8 59. Kd4 Kh8 60.
Ke5 1-0

[Event "Dutch Open 2014"]
[Site "Dieren NED"]
[Date "2014.07.30"]
[Round "8.13"]
[White "Struik, Tjapko"]
[Black "Bollen, Guus"]
[Result "1/2-1/2"]
[WhiteElo "2292"]
[BlackElo "2011"]
[WhiteFideId "1011243"]
[BlackFideId "1027883"]
[EventDate "2014.07.22"]

1. d4 d5 2. c4 e6 3. Nf3 c5 4. cxd5 exd5 5. g3 Nc6 6. Bg2 Nf6 7. O-O Be7 8. Nc3
O-O 9. Bg5 c4 10. Ne5 Be6 11. f4 h6 12. Bxf6 Bxf6 13. f5 Bxe5 14. dxe5 Qb6+ 15.
Kh1 Qxb2 16. fxe6 fxe6 17. Nxd5 Rxf1+ 18. Qxf1 exd5 19. Bxd5+ Kh8 20. Bxc4 Qxe5
21. Rc1 Nd4 22. Bd3 Re8 23. Qg2 b6 24. Rf1 Nxe2 25. Qf3 Qe6 26. Qf8+ Qg8 27.
Qxg8+ Kxg8 28. Bc4+ Kh8 29. Rf7 Nd4 30. Rxa7 Nc6 31. Rc7 Ne5 32. Bb5 Rd8 33. Rc2
Ng4 34. Re2 Kg8 35. Kg2 Rd6 36. Kf3 Nf6 37. Bc4+ Kf8 38. Bb3 Nd7 39. h4 g6 40.
Re6 Rxe6 41. Bxe6 Nc5 42. Bc4 Ke7 43. Ke3 Kf6 44. Kd4 Kf5 45. Be2 g5 46. hxg5
Kxg5 47. a3 h5 48. Kd5 Na4 49. Kc4 h4 50. gxh4+ Kxh4 51. Kb4 Nc5 52. Kb5 Kg5 53.
Kxb6 Na4+ 54. Ka5 Nc3 55. Bd3 Kf6 56. Kb4 Nd5+ 57. Kc5 Nc3 58. Kd4 Na4 59. Bb5
Nb2 60. Kc3 Nd1+ 61. Kd2 Nf2 62. Ke3 Nd1+ 63. Kd2 Nf2 64. Bc6 Ke5 65. a4 Kd6 66.
Bf3 Kc5 67. a5 1/2-1/2

[Event "Dutch Open 2014"]
[Site "Dieren NED"]
[Date "2014.07.30"]
[Round "8.14"]
[White "Beukema, Stefan"]
[Black "Van Foreest, Lucas"]
[Result "1/2-1/2"]
[WhiteTitle "FM"]
[WhiteElo "2305"]
[BlackElo "2192"]
[WhiteFideId "1024523"]
[BlackFideId "1039792"]
[EventDate "2014.07.22"]

1. e4 e5 2. Nf3 Nc6 3. Bb5 a6 4. Ba4 Nf6 5. O-O Be7 6. d3 b5 7. Bb3 O-O 8. a4 b4
9. a5 d6 10. Nbd2 h6 11. Nc4 Rb8 12. Re1 Bg4 13. c3 bxc3 14. bxc3 d5 15. Ncd2
dxe4 16. dxe4 Qc8 17. Bc4 Be6 18. Bd3 Nd7 19. Qe2 Nc5 20. Bc2 Rb5 21. Ba3 Bd6
22. Nc4 Bxc4 23. Qxc4 Nxa5 24. Qe2 Nc6 25. Nh4 Ne7 26. Nf5 Rb6 27. Qe3 Nxf5 28.
exf5 Nd7 29. Bc1 Bc5 30. Qg3 Nf6 31. Ra5 Nd7 32. Rxc5 Nxc5 33. Be3 Nd7 34. Bxb6
cxb6 35. Rd1 Qc7 36. h3 Nf6 37. Qd3 b5 38. Bb3 Rc8 39. Rc1 Qd7 40. Qc2 a5 41.
Rd1 Qc6 42. Qd3 a4 43. Ba2 Qc5 44. Rb1 Qa3 45. Qe2 Rxc3 46. Rxb5 Qc1+ 47. Kh2
Rc2 48. Rb8+ Kh7 49. Bxf7 Qf4+ 50. g3 Qxf5 51. Be6 Qxf2+ 52. Qxf2 Rxf2+ 53. Kg1
Rf3 54. Kg2 e4 55. g4 g6 56. Rb7+ Kh8 57. Rf7 Nh7 58. Ra7 a3 59. Bd5 Ng5 60.
Ra8+ Kg7 61. Ra7+ Kf6 62. h4 Ne6 63. Ra6 Ke5 64. Bxe6 Rf6 65. Ra5+ Kxe6 66. Rxa3
Ke5 67. Kg3 Rd6 68. Ra5+ Kd4 69. g5 h5 70. Kf4 Re6 71. Ra4+ Kd3 72. Ra3+ Ke2 73.
Re3+ Kf2 74. Rxe4 Rxe4+ 75. Kxe4 Kg3 76. Ke5 Kxh4 77. Kf6 Kg3 78. Kxg6 h4 79.
Kf5 h3 1/2-1/2

[Event "Dutch Open 2014"]
[Site "Dieren NED"]
[Date "2014.07.30"]
[Round "8.15"]
[White "Buckels, Valentin"]
[Black "Offringa, Joost"]
[Result "1/2-1/2"]
[WhiteElo "2100"]
[BlackElo "2241"]
[WhiteFideId "12942766"]
[BlackFideId "1025880"]
[EventDate "2014.07.22"]

1. d4 f5 2. Bg5 h6 3. Bh4 g5 4. e3 Nf6 5. Bg3 d6 6. h4 Rg8 7. Nc3 e6 8. hxg5
hxg5 9. Qd2 Bd7 10. O-O-O Qe7 11. Bc4 Bg7 12. f3 Nc6 13. a3 O-O-O 14. Nge2 Rh8
15. e4 fxe4 16. fxe4 Nh5 17. Bf2 Rdf8 18. Be3 Nf4 19. g3 Nh3 20. Rh2 g4 21. Rg2
Rf3 22. Kb1 Qf8 23. Nc1 e5 24. d5 Nd4 25. N3e2 Nf2 26. Nxd4 Nxd1 27. Nxf3 Qxf3
28. Bxa7 Rh1 29. Rg1 Bh6 30. Qe2 Rxg1 31. Bxg1 Ne3 32. Bd3 Qxg3 33. Bf2 Qf4 34.
Qe1 Ng2 35. Qh1 Qxc1+ 1/2-1/2

[Event "Dutch Open 2014"]
[Site "Dieren NED"]
[Date "2014.07.30"]
[Round "8.16"]
[White "Maatman, Nick"]
[Black "Maris, Ivo"]
[Result "1/2-1/2"]
[WhiteElo "2211"]
[BlackElo "2178"]
[WhiteFideId "1040391"]
[BlackFideId "1028146"]
[EventDate "2014.07.22"]

1. d4 Nf6 2. c4 e6 3. Nc3 Bb4 4. g3 O-O 5. Bg2 d5 6. Nf3 dxc4 7. O-O Nc6 8. a3
Bxc3 9. bxc3 Re8 10. Qa4 e5 11. Qxc4 Be6 12. Qa4 Bd5 13. e3 exd4 14. cxd4 Be4
15. Bd2 Qd5 16. Qd1 Na5 17. Bxa5 Qxa5 18. Ne5 Bxg2 19. Kxg2 Qd5+ 20. Qf3 c5 21.
Qxd5 Nxd5 22. Rfc1 cxd4 23. exd4 Rac8 24. Rab1 Rxc1 25. Rxc1 f6 26. Nd3 1/2-1/2

[Event "Dutch Open 2014"]
[Site "Dieren NED"]
[Date "2014.07.30"]
[Round "8.17"]
[White "Vos, Tjark"]
[Black "Ypma, Peter"]
[Result "0-1"]
[WhiteElo "2130"]
[BlackElo "2203"]
[WhiteFideId "1020870"]
[BlackFideId "1027255"]
[EventDate "2014.07.22"]

1. e4 e5 2. Nf3 Nc6 3. Bb5 Nd4 4. Nxd4 exd4 5. O-O g6 6. c3 Bg7 7. cxd4 c6 8.
Bc4 d5 9. exd5 cxd5 10. Qa4+ Bd7 11. Bb5 a6 12. Bxd7+ Qxd7 13. Qb4 Ne7 14. Nc3
O-O 15. d3 Nc6 16. Qc5 Rfd8 17. Be3 Rac8 18. Qb6 Ne7 19. Rac1 Rc6 20. Qb4 Re6
21. Na4 b6 22. Bf4 Nc6 23. Qxb6 Nxd4 24. Nc5 Rxb6 25. Nxd7 Rxb2 26. Bg5 Rxd7 27.
Rc8+ Bf8 28. Re1 Ne6 29. Bf6 Rxa2 30. f4 Rc7 31. Ra8 Rac2 0-1

[Event "Dutch Open 2014"]
[Site "Dieren NED"]
[Date "2014.07.30"]
[Round "8.18"]
[White "De Jong, Migchiel"]
[Black "Go, Benjamin"]
[Result "0-1"]
[WhiteTitle "IM"]
[WhiteElo "2345"]
[BlackElo "2133"]
[WhiteFideId "1002848"]
[BlackFideId "1014560"]
[EventDate "2014.07.22"]

1. e4 d6 2. d4 Nf6 3. Nc3 g6 4. Nf3 Bg7 5. Be2 O-O 6. O-O a6 7. a4 Nc6 8. d5 Nb4
9. Nb1 a5 10. Re1 c6 11. c3 Na6 12. Bc4 Nc5 13. Nbd2 Bg4 14. Qc2 Bxf3 15. Nxf3
Ncxe4 16. Rxe4 cxd5 17. Rxe7 Qxe7 18. Bb5 Ng4 19. Bg5 Bf6 20. Bd2 Ne5 21. Nd4
Qc7 22. Rd1 Nc6 23. Ne2 Nd4 24. Nxd4 Bxd4 25. Qd3 Be5 26. Qxd5 Kg7 27. f4 Bf6
28. Be3 Rfd8 29. g4 h6 30. h4 Qe7 31. Re1 Kg8 32. Bf2 Qc7 33. g5 hxg5 34. hxg5
Bg7 35. f5 gxf5 36. Qxf5 d5 37. Kg2 d4 38. Bg3 Qc8 39. Qf3 dxc3 40. g6 Rd2+ 41.
Bf2 Qc7 42. b3 Bd4 43. gxf7+ Qxf7 44. Bc4 Rxf2+ 45. Qxf2 Bxf2 46. Bxf7+ Kxf7 47.
Kxf2 Rc8 48. Rc1 c2 49. Ke3 Rc3+ 50. Kd4 Rxb3 51. Rxc2 Ke6 52. Rc7 Kd6 53. Rh7
Rb4+ 54. Kc3 b6 0-1

[Event "Dutch Open 2014"]
[Site "Dieren NED"]
[Date "2014.07.30"]
[Round "8.19"]
[White "Chalmeta Ugas, Ramon"]
[Black "Stolwijk, Colin"]
[Result "0-1"]
[WhiteTitle "FM"]
[WhiteElo "2292"]
[BlackElo "2075"]
[WhiteFideId "2256339"]
[BlackFideId "1033743"]
[EventDate "2014.07.22"]

1. e4 c6 2. Nc3 d5 3. Nf3 dxe4 4. Nxe4 Nf6 5. Nxf6+ gxf6 6. d4 Bg4 7. Be2 e6 8.
Bf4 Bd6 9. Qd2 Qc7 10. Bg3 Nd7 11. c4 O-O-O 12. b4 Bxg3 13. hxg3 Qd6 14. Rb1
Bxf3 15. Bxf3 Ne5 16. Rh4 Ng6 17. c5 Qd7 18. Rh6 Qxd4 19. Qxd4 Rxd4 20. b5 Kc7
21. b6+ axb6 22. cxb6+ Kd6 23. Rb2 Ne5 24. Ke2 f5 25. Rh1 Nc4 26. Rb4 Rd2+ 27.
Ke1 Rc2 28. Rh4 Rc1+ 29. Bd1 Kc5 30. Ra4 Rd8 31. Ke2 Rdxd1 0-1

[Event "Dutch Open 2014"]
[Site "Dieren NED"]
[Date "2014.07.30"]
[Round "8.20"]
[White "Van Osch, Mees"]
[Black "Bus, Tom"]
[Result "1-0"]
[WhiteElo "2200"]
[BlackElo "2108"]
[WhiteFideId "1035967"]
[BlackFideId "1014374"]
[EventDate "2014.07.22"]

1. e4 c5 2. Nf3 e6 3. d4 cxd4 4. Nxd4 a6 5. Bd3 Bc5 6. Nb3 Be7 7. Qg4 g6 8. Qe2
d6 9. O-O Nd7 10. a4 b6 11. Na3 Qc7 12. a5 b5 13. c4 bxc4 14. Nxc4 Rb8 15. Nd4
Ngf6 16. Bh6 Qc5 17. Be3 Qh5 18. Qxh5 gxh5 19. Nc6 Rb3 20. Bc2 Rb5 21. Ba4 Bb7
22. Nxe7 Kxe7 23. Bxb5 axb5 24. Na3 b4 25. Nc2 Bxe4 26. Nxb4 Rg8 27. f3 Ba8 28.
Nd3 e5 29. Ra4 d5 30. Re1 Kd6 31. Bf2 e4 32. fxe4 Nxe4 33. Bd4 Nf8 34. Rf1 Ne6
35. Rxf7 N6g5 36. Rg7 Rc8 37. h4 Rc4 38. Rxc4 dxc4 39. Nf4 1-0

[Event "Dutch Open 2014"]
[Site "Dieren NED"]
[Date "2014.07.30"]
[Round "8.21"]
[White "Dijkhuis, Sven"]
[Black "Kollen, Zyon"]
[Result "1-0"]
[WhiteElo "1988"]
[BlackElo "2196"]
[WhiteFideId "1036556"]
[BlackFideId "1024256"]
[EventDate "2014.07.22"]

1. e4 e6 2. d4 d5 3. Nd2 Nf6 4. e5 Nfd7 5. f4 c5 6. c3 Nc6 7. Ndf3 Qb6 8. a3 c4
9. g4 Be7 10. Ne2 h5 11. gxh5 Rxh5 12. h4 Nf8 13. Ng3 Rh8 14. Be2 f6 15. Qc2 Bd7
16. Be3 O-O-O 17. Kf2 Be8 18. h5 Bf7 19. Rag1 Nd7 20. Bf1 fxe5 21. fxe5 Bg8 22.
Bh3 Bh7 23. Qd2 Rdf8 24. Kg2 Nd8 25. Rf1 Nf7 26. Rf2 Qc6 27. Kg1 Bd3 28. Rhh2
Nh6 29. Bg5 Re8 30. Bxe7 Rxe7 31. Nh4 Rf8 32. Rxf8+ Nxf8 33. Rf2 Qe8 34. Ng2 Rf7
35. Nf4 Bf5 36. Nxf5 Nxf5 37. Nxe6 Nxe6 38. Bxf5 Kd8 39. Qd1 Qf8 40. Qg4 Kc7 41.
Rf3 Nd8 42. Kg2 Qe7 43. Qg6 a6 44. Kg3 a5 45. Bg4 Rxf3+ 46. Bxf3 Qd7 47. Bg4 Qe7
48. Qf5 Kc6 49. Kf4 Kb6 50. Qd7 Qh4 51. Qxd5 Qh2+ 52. Kg5 Nc6 53. Qc5+ Kc7 54.
Qd6+ Kb6 55. d5 Qd2+ 56. Kf5 Qf2+ 57. Ke6 Qf4 58. Bf5 Qh6+ 59. Bg6 1-0

[Event "Dutch Open 2014"]
[Site "Dieren NED"]
[Date "2014.07.30"]
[Round "8.22"]
[White "Markus, John Raymond"]
[Black "Kazarian, Anna-Maja"]
[Result "1/2-1/2"]
[BlackTitle "WFM"]
[WhiteElo "2143"]
[BlackElo "2025"]
[WhiteFideId "1001213"]
[BlackFideId "1033689"]
[EventDate "2014.07.22"]

1. d4 d5 2. Nf3 Nf6 3. e3 e6 4. Bd3 c5 5. b3 Nc6 6. O-O cxd4 7. exd4 Bd6 8. c4
dxc4 9. Bxc4 a6 10. a3 b5 11. Bd3 Bb7 12. Bg5 h6 13. Bxf6 Qxf6 14. Nc3 Rd8 15.
Ne4 Qe7 16. d5 exd5 17. Nxd6+ Rxd6 18. a4 b4 19. Re1 Re6 20. Rxe6 fxe6 21. Rc1
Qd6 22. Qc2 O-O 23. Qe2 a5 24. Ba6 Ba8 25. Bb5 Nd8 26. Qe5 Nf7 27. Qxd6 Nxd6 28.
Bd7 Kf7 29. Rc7 Kf6 30. Nd4 e5 31. Ne6 Rf7 32. Nc5 d4 33. Ra7 Bd5 34. Rxa5 Bxb3
35. Ra6 Ke7 36. Nxb3 Kxd7 37. Rb6 Ke6 38. Rxb4 Kd5 39. f3 Rc7 40. a5 Rc2 41. f4
d3 42. fxe5 Kxe5 43. a6 Ra2 44. Rd4 Rxa6 45. Rxd3 Ne4 46. h3 1/2-1/2

[Event "Dutch Open 2014"]
[Site "Dieren NED"]
[Date "2014.07.30"]
[Round "8.23"]
[White "Heemskerk, Wim"]
[Black "Lecomte, Robin"]
[Result "1/2-1/2"]
[WhiteTitle "FM"]
[WhiteElo "2247"]
[BlackElo "2056"]
[WhiteFideId "1001000"]
[BlackFideId "1037170"]
[EventDate "2014.07.22"]

1. d4 Nf6 2. Nf3 d5 3. c4 c6 4. e3 e6 5. Nbd2 dxc4 6. Nxc4 Nbd7 7. Be2 b5 8.
Nce5 Bb7 9. O-O a6 10. a4 Be7 11. Qb3 O-O 12. Rd1 Nb6 13. Bd2 bxa4 14. Qc2 Qd5
15. Nc4 Nxc4 16. Qxc4 Qxc4 17. Bxc4 a3 18. bxa3 1/2-1/2

[Event "Dutch Open 2014"]
[Site "Dieren NED"]
[Date "2014.07.30"]
[Round "8.24"]
[White "Boersma, Jan"]
[Black "Schoppen, Casper"]
[Result "0-1"]
[WhiteElo "2101"]
[BlackElo "1938"]
[WhiteFideId "1003267"]
[BlackFideId "1046730"]
[EventDate "2014.07.22"]

1. Nc3 d5 2. e4 c6 3. d4 dxe4 4. Nxe4 Bf5 5. Ng3 Bg6 6. Nf3 Nd7 7. Bd3 e6 8. O-O
Ngf6 9. c4 Bd6 10. b3 O-O 11. Bb2 Re8 12. Bxg6 hxg6 13. Qe1 Qc7 14. Ne4 Be7 15.
Neg5 Nh7 16. Nxh7 Kxh7 17. Rd1 Kg8 18. Qc3 Rad8 19. d5 Bf6 20. d6 Qb8 21. Qc1 e5
22. c5 e4 23. Bxf6 gxf6 24. Nd4 Kg7 25. Rfe1 Re5 26. b4 Rde8 27. Re3 Qd8 28.
Rde1 Kg8 29. f4 Rd5 30. Nb3 f5 31. Na5 Nxc5 32. Nxc6 Qxd6 33. Ne5 Nd3 34. Nxd3
Rxd3 35. Rxd3 Qxd3 36. Qc5 Qd2 37. Re3 Qd1+ 38. Kf2 Rd8 39. Qxa7 Rd2+ 40. Kg3
Qg4# 0-1

[Event "Dutch Open 2014"]
[Site "Dieren NED"]
[Date "2014.07.30"]
[Round "8.25"]
[White "Kathstede, Gerd"]
[Black "Evengroen, Henk-Jan"]
[Result "0-1"]
[WhiteElo "2082"]
[BlackElo "2095"]
[WhiteFideId "4662199"]
[BlackFideId "1019252"]
[EventDate "2014.07.22"]

1. d4 Nf6 2. Nf3 g6 3. Bf4 Bg7 4. c3 O-O 5. Nbd2 d6 6. h3 c5 7. dxc5 dxc5 8. e4
a6 9. Bc4 b5 10. Bb3 Bb7 11. Bc2 Qb6 12. O-O Rd8 13. Qe2 Nh5 14. Bh2 Bh6 15. e5
Nf4 16. Bxf4 Bxf4 17. Rad1 Nc6 18. g3 Bh6 19. Ne4 Bc8 20. Kh2 Be6 21. b3 Bf5 22.
Rxd8+ Rxd8 23. Rd1 Bg7 24. Rxd8+ Nxd8 25. Qe3 Qc7 26. Qd2 Nc6 27. Nxc5 Bxc2 28.
Qxc2 Nxe5 29. Nxe5 Qxc5 30. Nd3 Qxc3 31. Qxc3 Bxc3 32. f3 e5 33. Kg2 f5 34. Kf2
Kf7 35. Ke2 a5 36. Kd1 Bd4 37. Ke2 Kf6 38. a4 bxa4 39. bxa4 Ke6 40. Nc1 Kd5 41.
Nb3 Bb6 42. Kd3 e4+ 43. fxe4+ fxe4+ 44. Kc3 Bf2 45. g4 Be1+ 46. Kc2 Bb4 47. Nc1
Kd4 48. h4 Ke3 49. h5 g5 50. Na2 Bd2 51. h6 Ke2 0-1

[Event "Dutch Open 2014"]
[Site "Dieren NED"]
[Date "2014.07.30"]
[Round "8.26"]
[White "Gouw, Carol-Peter"]
[Black "Halfhide, Sebastian"]
[Result "1/2-1/2"]
[WhiteElo "2110"]
[BlackElo "1979"]
[WhiteFideId "1007629"]
[BlackFideId "1045946"]
[EventDate "2014.07.22"]

1. c4 c5 2. Nf3 Nf6 3. d4 cxd4 4. Nxd4 e5 5. Nc2 d5 6. cxd5 Qxd5 7. Qxd5 Nxd5 8.
g3 Nc6 9. a3 Bc5 10. Bg2 Be6 11. O-O O-O 12. Nd2 f6 13. b4 Bd4 14. Nxd4 Nxd4 15.
e3 Nc2 16. Rb1 Nc3 17. Rb2 Nxa3 18. Nb3 Nc4 19. Rc2 Na4 20. Bxb7 Rab8 21. Bc6
Nxe3 22. Bxe3 Bxb3 23. Bxa4 Bxa4 24. Rc7 a6 25. Rfc1 Rf7 26. Rc8+ Rxc8 27. Rxc8+
Rf8 28. Rc7 Rd8 29. h4 Rd7 30. Rxd7 Bxd7 31. f4 e4 32. Bc5 1/2-1/2

[Event "Dutch Open 2014"]
[Site "Dieren NED"]
[Date "2014.07.30"]
[Round "8.27"]
[White "Wilgenhof, Otto"]
[Black "Sparenberg, Erik"]
[Result "0-1"]
[WhiteElo "2217"]
[BlackElo "2119"]
[WhiteFideId "1002589"]
[BlackFideId "1013262"]
[EventDate "2014.07.22"]

1. d4 Nf6 2. Nf3 g6 3. c4 Bg7 4. Nc3 O-O 5. e4 d6 6. Be2 e5 7. O-O Nc6 8. d5 Ne7
9. Ne1 Ne8 10. Be3 f5 11. f3 f4 12. Bf2 g5 13. Nd3 Rf6 14. c5 h5 15. Qb3 Rg6 16.
cxd6 cxd6 17. Nb5 a6 18. Na7 Kh7 19. Nxc8 Qxc8 20. Rfc1 Qd7 21. Bb6 g4 22. Kf1
Nc8 23. Rc3 Nxb6 24. Qxb6 Bf6 25. fxg4 hxg4 26. Nf2 Bd8 27. Qb3 Nf6 28. Rac1 Rg7
29. h3 f3 30. gxf3 gxh3 31. f4 exf4 32. Rxh3+ Kg8 33. Qf3 Bb6 34. Qh1 Kf7 35.
Rh8 Rxh8 36. Qxh8 Rh7 37. Qc8 Qxc8 38. Rxc8 Rh2 39. Ng4 Nxg4 40. Bxg4 f3 41.
Bxf3 Rf2+ 42. Ke1 Rxf3 43. Rb8 Bd4 44. Rxb7+ Kf6 45. a4 Ke5 46. Re7+ Kf4 47. Ke2
Re3+ 48. Kd2 Rb3 49. Kc2 Rxb2+ 50. Kd3 Rb4 51. Rf7+ Kg5 52. a5 Ra4 0-1

[Event "Dutch Open 2014"]
[Site "Dieren NED"]
[Date "2014.07.30"]
[Round "8.28"]
[White "Van Liempt, Michael"]
[Black "Op Den Dries, Johan"]
[Result "1/2-1/2"]
[WhiteElo "2016"]
[BlackElo "2098"]
[WhiteFideId "1012665"]
[BlackFideId "1021257"]
[EventDate "2014.07.22"]

1. e4 d5 2. exd5 Nf6 3. d4 Nxd5 4. Nf3 g6 5. Be2 Bg7 6. O-O O-O 7. h3 Nc6 8. c4
Nb6 9. Be3 e5 10. d5 Ne7 11. Nc3 f5 12. Qd2 e4 13. Ne1 Nd7 14. Rc1 Ne5 15. f4
Nf7 16. b4 h6 17. g3 g5 18. Ng2 Ng6 19. Bh5 gxf4 20. Bxg6 fxe3 21. Bxf7+ Rxf7
22. Qxe3 Qg5 23. Ne2 Qxe3+ 24. Nxe3 Bd7 25. Kg2 b5 26. Rfd1 a5 27. cxb5 Bxb5 28.
Nd4 Bxd4 29. Rxd4 axb4 30. Rxb4 Rxa2+ 31. Kg1 f4 32. gxf4 Rg7+ 33. Ng4 Be2 34.
Rxe4 h5 35. Rxe2 Rxe2 36. Kf1 Rd2 37. Nf6+ Kh8 38. d6 Rxd6 39. Ne8 Rf7 40. Nxd6
Rxf4+ 41. Kg2 cxd6 42. Rd1 Rf6 43. Rd5 Rh6 44. Kg3 Kg7 45. Kh4 Kf7 46. Kg5 Re6 1/2-1/2

[Event "Dutch Open 2014"]
[Site "Dieren NED"]
[Date "2014.07.31"]
[Round "9.1"]
[White "Sengupta, Deep"]
[Black "Pruijssers, Roeland"]
[Result "1/2-1/2"]
[WhiteTitle "GM"]
[BlackTitle "GM"]
[WhiteElo "2533"]
[BlackElo "2517"]
[WhiteFideId "5008352"]
[BlackFideId "1013068"]
[EventDate "2014.07.22"]

1. e4 e5 2. Nf3 Nc6 3. Bb5 Bc5 4. O-O Nd4 5. Nxd4 Bxd4 6. c3 Bb6 7. d3 c6 8. Ba4
Ne7 9. Nd2 O-O 10. Bb3 d5 11. Qe2 Ng6 12. Nf3 Re8 13. Bg5 f6 14. Be3 Be6 15.
exd5 Bxd5 16. Nd2 Kh8 17. Rfe1 Qd7 18. Ne4 Rad8 19. Rad1 Qf7 20. Bc2 f5 21. Ng5
Qf6 22. Qh5 h6 23. Nh3 Kg8 24. Bb3 Bc7 25. f3 Re7 26. Bc5 Bb6 27. Bxb6 axb6 28.
g3 Bxb3 29. axb3 Red7 30. Nf2 Rd5 31. Qh3 b5 32. b4 Qg5 33. Kh1 R5d7 34. Qf1 h5
35. Nh3 Qf6 36. f4 Re7 37. fxe5 Rxe5 38. Nf4 Nxf4 39. gxf4 Re6 40. Re2 Rde8 41.
Rde1 Kf7 42. Qf3 g6 43. Kg1 Rxe2 1/2-1/2